| 000 | 01098nam a2200205Ia 4500 | ||
|---|---|---|---|
| 999 |
_c41553 _d41553 |
||
| 001 | 8221 | ||
| 003 | GE_BSU | ||
| 005 | 20240418170655.0 | ||
| 008 | 181216s2013||||ge |||||||||||||| ||geo|| | ||
| 040 | _cGE_BSU | ||
| 080 | _a793.31(479.223) ა-82 | ||
| 100 |
_aაროშიძე, ლია _921639 |
||
| 245 |
_aმარადისობაში სახელოვნად გადასული ენვერ ხაბაძის 90 წლის იუბილე / _cლია აროშიძე ; იდეის ავტორები გია მიქელაძე, ჯაბა სალუქვაძე. |
||
| 264 |
_aბათუმი : _b[გ.გ.], _c2013. |
||
| 300 |
_a28 გვ. ; _c20 სმ. |
||
| 653 | _aმარადისობაში სახელოვნად გადასული ენვერ ხაბაძის 90 წლის იუბილე | ||
| 700 |
_aმიქელაძე, გია _eავტორი _921876 |
||
| 700 |
_aსალუქვაძე, ჯაბა _eავტორი _921877 |
||
| 942 |
_cBK _2udc |
||